Представление документа в формате RUSMARC

ПолеНазваниеЗначение
  Тип записи a
  Библиографический уровень m
001 Контрольный номер RU/SLIB/B/208781018
005 Дата корректировки 20241112094924.1
010 Индекс ISBN __
a ISBN 5-901407-21-0
d Цена 120-00
101 Язык документа 0_
a Язык текста rus
c Язык оригинала rus
200 Заглавие и сведения об ответственности 0_
a Заглавие Аксиоматические основы теории права
f Первые сведения об ответственности С. Н. Егоров
b Общее обозначение материала Текст
210 Выходные данные 1_
a Место издания СПб.
c Издательство Лексикон
d Дата издания 2001
215 Физическое описание __
a Объем 272 с.
320 Библиография __
a Библиография Список лит.: с. 267-271
330 Аннотация __
a Аннотация Точные определения используемых в праве понятий, логические правовые цепочки.
606 Тематические рубрики __
a Основная рубрика Общая теория права
606 Тематические рубрики __
a Основная рубрика Право
610 Ключевые слова 0_
a Ключевые слова философия права; правовые системы; общество; государства
686 Индексы других классификаций __
a Классификационный индекс 67.0
700 Автор _1
a Фамилия Егоров
b Имя С. Н.
4 Код отношения 070
801 Источник записи _0
a Страна RU
b Организация Муниципальное бюджетное учреждение культуры "Централизованная библиотечная система" г. Сургут (Центральная городская библиотека им. А. С. Пушкина)
g Правила каталогизации КиК/Котельникова; КиК/Елгина
801 Источник записи _1
a Страна RU
b Организация Муниципальное бюджетное учреждение культуры "Централизованная библиотечная система" г. Сургут (Центральная городская библиотека им. А. С. Пушкина)
g Правила каталогизации КиК/Котельникова; КиК/Елгина
852 Данные о местонахождении __
j Шифр хранения 67.0
c Каталожный индекс 67.0
i Авторский знак Е 30
p Инвентарный номер 06011030
901 Тип документа __
t Тип документа m
903 Характеристики (МАРС) __
a Дата передачи 20060303; 20051223
990 Данные о заказе (DOS) __
j Количество экземпляров (DOS) 1
t N записи в КСУ для И/У (DOS) 200601